LEADER 01942nam1 22003973i 450 001 LIG0290264 005 20231121125512.0 100 $a20190410d1995 ||||0itac50 ba 101 | $aita 102 $ait 181 1$6z01$ai $bxxxe 182 1$6z01$an 200 1 $aOpere complete$fPublio Cornelio Tacito 210 $aRoma$cNewton Compton$d1995 215 $a4 volumi$d23 cm 300 $aTitolo del contenitore 300 $aEd. integrale 462 1$1001TO00568570$12001 $aAnnali$fPublio Cornelio Tacito$gintroduzione generale, cura e traduzione di Lidia Storoni Mazzolani$1700 1$aTacitus$b, Publius Cornelius$3CFIV000651$4070$1702 1$aStoroni Mazzolani$b, Lidia$3CFIV016259 463 1$1001TO00568825$12001 $aStorie$fPublio Cornelio Tacito$gintroduzione generale di Lidia Storoni Mazzolani$gcura e traduzione di Gian Domenico Mazzocato 463 1$1001TO00569079$12001 $a˜La œGermania$aVita di Giulio Agricola$aDialogo degli oratori$fPublio Cornelio Tacito$gintroduzione generale di Lidia Storoni Mazzolani$gcura e traduzione di Gian Domenico Mazzocato 700 1$aTacitus$b, Publius Cornelius$3CFIV000651$4070$05717 790 0$aTacite$3BVEV012215$zTacitus, Publius Cornelius 790 0$aTacito$3CFIV176166$zTacitus, Publius Cornelius 790 1$aTacitus$b, Caius Cornelius$3MILV197820$zTacitus, Publius Cornelius 790 1$aTacito$b, Cornelio Publio$3SBNV037437$zTacitus, Publius Cornelius 790 1$aTacito$b, Publio Cornelio$3TO0V260445$zTacitus, Publius Cornelius 790 0$aTacitus$3UBOV684127$zTacitus, Publius Cornelius 801 3$aIT$bIT-01$c20190410 850 $aIT-FR0017 899 $aBiblioteca umanistica Giorgio Aprea$bFR0017 912 $aLIG0290264 950 1$aBiblioteca umanistica Giorgio Aprea$d 52DCB Tac.Ger.$d 52DCB Tac.Sto.$d 52DGA L 73 967 $m3 977 $a 52 996 $aOpere complete$91384485 997 $aUNICAS